Southville International School and Colleges
Your cart is empty.
  • Cart
  • Lists
    Public lists Eva Luna New books Lux_list list_1
    Your lists Log in to create your own lists
  • Log in to your account
  • Your cookies
  • Search history
Southville International School and Colleges
  • Advanced search
  • Recent comments
  • Most popular
  • Libraries

Log in to your account

Log in with GOOGLE


If you do not have an external account, but do have a local account, you can still log in:

  1. Home
  2. MARC view: Religions of the world /
Normal view MARC view ISBD view

Religions of the world / (Record no. 103352)

[ view plain ]
MARC details
000 -LEADER
fixed length control field 00590nam a2200193 a 4500
005 - DATE AND TIME OF LATEST TRANSACTION
control field 20140412111300.0
008 - FIXED-LENGTH DATA ELEMENTS--GENERAL INFORMATION
fixed length control field 010416s19uu xx 00 eng d
020 ## - INTERNATIONAL STANDARD BOOK NUMBER
International Standard Book Number 0-7214-1843-0
050 ## - LIBRARY OF CONGRESS CALL NUMBER
Classification number M 200
Item number E44 1996
100 ## - MAIN ENTRY--PERSONAL NAME
Personal name Elliot, Jason
245 ## - TITLE STATEMENT
Title Religions of the world /
Statement of responsibility, etc written by Jason Elliot and Dene Schofield; illustrated by L R Galante.
260 ## - PUBLICATION, DISTRIBUTION, ETC. (IMPRINT)
Place of publication, distribution, etc Leicesterhisre, Uk :
Name of publisher, distributor, etc Ladybird Books Ltd,
Date of publication, distribution, etc 1996.
300 ## - PHYSICAL DESCRIPTION
Extent 38p. ; ill.
440 ## - SERIES STATEMENT/ADDED ENTRY--TITLE
Title Ladybird Discovery
500 ## - GENERAL NOTE
General note Includes index
650 ## - SUBJECT ADDED ENTRY--TOPICAL TERM
Topical term or geographic name as entry element Religions
650 ## - SUBJECT ADDED ENTRY--TOPICAL TERM
Topical term or geographic name as entry element Lifestyles and living
Holdings
Withdrawn status Lost status Damaged status Home library Current library Shelving location Date acquired Source of acquisition Cost, normal purchase price Total Checkouts Full call number Barcode Date last seen Price effective from Koha item type
      Elizalde Library Elizalde Library Main Section 04/16/2001   95.75   M 200 E44 1996 E4568 04/12/2014 04/12/2014 Books

Religions of the world /

APA

Elliot J., . (1996). Religions of the world. Leicesterhisre, Uk: Ladybird Books Ltd.

Chicago

Elliot Jason, . 1996. Religions of the world. Leicesterhisre, Uk: Ladybird Books Ltd.

Harvard

Elliot J., . (1996). Religions of the world. Leicesterhisre, Uk: Ladybird Books Ltd.

MLA

Elliot Jason, . Religions of the world. Leicesterhisre, Uk: Ladybird Books Ltd. 1996.

  • Place hold
  • Print
  • Cite
  • Add to your cart (remove)
  • Save record
    BIBTEX Dublin Core MARCXML MARC (non-Unicode/MARC-8) MARC (Unicode/UTF-8) MARC (Unicode/UTF-8, Standard) MODS (XML) RIS
  • More searches
    Search for this title in:
    Other Libraries (WorldCat) Other Databases (Google Scholar) Online Stores (Bookfinder.com) Open Library (openlibrary.org)

Exporting to Dublin Core...

SOUTHVILLE LIBRARY

Southville International School and Colleges Library

1281 Tropical Ave. Cor. Luxembourg St., BF Homes International, Las Pinas City

Tel. No. 8256374 / 252358 Loc. 117/146

Powered by Koha